|
|
|
|
| LEADER |
01146nam a22003012a 4500 |
| 001 |
000049488 |
| 003 |
CZ BrMZK |
| 005 |
20130925063052.0 |
| 007 |
ta |
| 008 |
951201s1988 xr a f 000 0 cze d |
| 015 |
|
|
|a cnb000041676
|
| 035 |
|
|
|a (OCoLC)39406173
|
| 040 |
|
|
|a BOA001
|b cze
|
| 080 |
9 |
|
|a 885.0-93-31
|
| 100 |
1 |
|
|a Blažíčková, Anna,
|d 1933-
|7 ola2001100366
|4 aut
|
| 245 |
1 |
0 |
|a Kdo nesází, nevyhraje, aneb, Dostane se Honza k počítačům? /
|c Anna Blažíčková ;ilustroval Miloslav Disman
|
| 246 |
3 |
0 |
|a Dostane se Honza k počítačům?
|
| 250 |
|
|
|a 1. vyd.
|
| 260 |
|
|
|a Praha :
|b Albatros,
|c 1988
|
| 300 |
|
|
|a 172 s. :
|b il. ;
|c 20 cm
|
| 490 |
1 |
|
|a Střelka ;
|v sv. 164
|
| 830 |
|
0 |
|a Střelka (Albatros)
|0 s
|
| 856 |
4 |
1 |
|u http://www.digitalniknihovna.cz/mzk/uuid/uuid:a91b94c0-25cc-11e3-a5bb-005056827e52
|y Digitalizovaný dokument
|x NDK
|
| 910 |
|
|
|a BOA001
|b PK-0108.161
|b 2-0935.530
|
| 990 |
|
|
|a BK
|
| 991 |
|
|
|b 200609
|
| 996 |
7 |
|
|b 2619337076
|c 2-0935.530
|l MZK
|r Sklad / do 1 hodiny
|n 0
|w 000049488
|u 000020
|a 1
|e BOA001
|j MZK50
|s A
|
| 996 |
7 |
|
|b 3119980110
|c PK-0108.161
|l MZK
|r Sklad / do 1 hodiny
|n 1
|w 000049488
|u 000010
|a 1
|e BOA001
|j MZK50
|s A
|